| 000 | 00424nam a2200157 a 4500 | ||
|---|---|---|---|
| 005 | 20140310182404.0 | ||
| 008 | 000528s19uu xx 00 eng d | ||
| 020 | _a0-117-8660 | ||
| 050 |
_aHD 2905 _b.P552 1996 |
||
| 245 | _aPhilippines 5000 / | ||
| 260 |
_aPhilippines : _bSEC, _c1996. |
||
| 300 |
_a458 p. : _bcol. ill. ; _c28 cm. |
||
| 650 |
_aEvaluation and reporting _xPhilippines |
||
| 942 |
_cBK _2lcc |
||
| 999 |
_c12670 _d12670 |
||